000 00342nam a2200145Ia 4500
008 191201s2009 xx 000 0 und d
082 _a658.3
_bDEF
100 _aDESSLER, Gray
245 0 _aFramework for Human Resource Management
250 _aIMP
260 _aN.Delhi
_bPearson
_c2009
300 _a399
650 _aMBA
942 _2ddc
_cBK
999 _c4157
_d4157